00756nam a2200217 a 450000100060000000300080000600500170001400800410003103500190007204000310009104100080012208200260013010000380015624500750019426000350026930000270030465000370033194200120036899900170038095201410039761594BD-RjUL20211209081000.0170119s1963 nyu 000 0 eng u a(BD-RjUL)61718 aSJDdBD-RjULbengcBD-RjUL aeng a491.495223bCLI 19631 aClark, T. W.,d1904-1969.918351310aIntroduction to Nepali :ba first-year language course /cT. W. Clark. aCambridge :bW. Heffer,c1963. axvii, 421 p. ;c23 cm. 0aNepali languagexGrammar9183153 2ddccBK c61594d61594 00102ddc40718NFICaRUCLbRUCLcReadingd1987-01-10eZeitlingerg84.00l0o491.495 CLI 1963r2017-01-19 00:00:00tC-1w2017-01-19yBK